| 000 | 00501nam a22001817a 4500 | ||
|---|---|---|---|
| 003 | NUST - PNEC | ||
| 005 | 20170116180818.0 | ||
| 008 | 150611b xxu||||| |||| 00| 0 eng d | ||
| 020 | _a0471511943 | ||
| 040 | _cLIBRARY | ||
| 082 | _a515 LAM | ||
| 100 |
_93884 _aLambert, J. D. |
||
| 245 |
_aComputational methods in ordinary differential equations, _cJ. D. Lambert |
||
| 260 |
_aNew York _bWiley; _cc1973. |
||
| 300 | _a278 p. : | ||
| 650 |
_93887 _aNumerical analysis _xGeneral |
||
| 942 |
_2ddc _cBK |
||
| 999 |
_c63624 _d63624 |
||